[Event "Challenge"]
[Site "http://www.queenalice.com/game.php?id=847723"]
[Date "2010.10.18"]
[Round "-"]
[White "AdV1"]
[Black "CrazyPoet"]
[Result "0-1"]
[WhiteElo "1994"]
[BlackElo "1828"]

1. e4 Nf6 2. e5 Nd5 3. d4 d6 4. c4 Nb6 5. exd6 cxd6 6. Nf3 Nc6 7. Bd3 e6 8. O-O
d5 9. cxd5 Nxd5 10. Nc3 Ncb4 11. a3 Nxd3 12. Qxd3 Be7 13. Re1 b6 14. Ne5 Bb7 15.
Qb5+ Kf8 16. Nxd5 Qxd5 17. Nd7+ Kg8 18. Qxd5 Bxd5 19. Ne5 Rc8 20. Bf4 f6 21. Nd3
Kf7 22. Rac1 Rhd8 23. Red1 Bc4 24. Be3 e5 25. dxe5 Bxd3 26. Rxc8 Rxc8 27. Rxd3
b5 28. exf6 Bxf6 29. Rd7+ Ke6 30. Rxa7 Bxb2 31. h3 Rc3 32. g4 Rxa3 33. Bc5 Rxa7
34. Bxa7 b4 35. Kf1 b3 36. Ke2 Bc1 37. Kd1 b2 38. Kc2 Kd5 39. f3 Ke5 40. Bb8+
Kd5 41. h4 Kc4 42. Be5 g6 43. Bf6 h5 44. gxh5 gxh5 45. Bg5 Bxg5 46. hxg5 Kd5 47.
f4 h4 48. f5 Ke5 49. f6 Ke6 0-1

[Event "Challenge"]
[Site "http://www.queenalice.com/game.php?id=847724"]
[Date "2010.10.18"]
[Round "-"]
[White "CrazyPoet"]
[Black "AdV1"]
[Result "0-1"]
[WhiteElo "1851"]
[BlackElo "1954"]

1. d4 d5 2. c4 e6 3. cxd5 exd5 4. Nf3 Nc6 5. Nc3 Nf6 6. Bf4 Bd6 7. Qd2 Bf5 8. h3
Qe7 9. g4 Be4 10. Bg2 O-O-O 11. O-O h6 12. h4 Nxg4 13. Bh3 f5 14. Nh2 Qxh4 15.
Bxg4 fxg4 16. Bxd6 Rxd6 17. Qe3 Rg6 18. Nxe4 dxe4 19. Qxe4 Rg5 20. Kh1 Qh3 21.
Rg1 g3 22. fxg3 Rxg3 23. Rxg3 Qxg3 24. Rg1 Qf2 25. Qe6+ Kb8 26. Rxg7 Qf8 27. Rg4
a6 28. Nf3 h5 29. Rg5 Qf4 30. Rf5 Qc1+ 31. Kg2 Qxb2 32. Rxh5 Rxh5 33. Qe8+ Ka7
34. Qxh5 Qxe2+ 35. Kg3 Qxa2 36. Qc5+ Ka8 37. Ne5 Qe6 38. Qf8+ Nb8 39. Qd8 c5 40.
Kf4 cxd4 41. Nf3 Qe3+ 42. Kg4 d3 0-1

[Event "Challenge"]
[Site "http://www.queenalice.com/game.php?id=849090"]
[Date "2010.10.21"]
[Round "-"]
[White "AdV1"]
[Black "eddval"]
[Result "0-1"]
[WhiteElo "2022"]
[BlackElo "2118"]

1. e4 e5 2. Nf3 Nc6 3. Bc4 Bc5 4. d3 d6 5. Ng5 Nh6 6. Nc3 Na5 7. h3 Nxc4 8. dxc4
O-O 9. O-O f5 10. exf5 Nxf5 11. Qh5 h6 12. Nge4 Bb6 13. Qg6 Bd7 14. Nd5 c6 15.
Nxb6 axb6 16. Nxd6 Rf6 17. Qh5 Rxd6 18. Be3 Qf6 19. c5 bxc5 20. Bxc5 Rd2 21. g4
Nh4 22. Rad1 Rxd1 23. Rxd1 Be8 24. g5 Bxh5 0-1

[Event "Challenge"]
[Site "http://www.queenalice.com/game.php?id=850425"]
[Date "2010.10.25"]
[Round "-"]
[White "JCOELHO"]
[Black "AdV1"]
[Result "0-1"]
[WhiteElo "2064"]
[BlackElo "1982"]

1. e4 e5 2. Nf3 Nc6 3. Bb5 a6 4. Bxc6 dxc6 5. Nxe5 Qe7 6. d4 f6 7. Nf3 Qxe4+ 8.
Be3 Bg4 9. Nbd2 Qf5 10. O-O O-O-O 11. h3 Bxf3 12. Nxf3 c5 13. Nh4 Qe4 14. Nf3
Bd6 15. a4 cxd4 16. Bxd4 Be5 17. Re1 Qf5 18. g4 Qf4 19. c3 Ne7 20. Qd3 Nc6 21.
Re4 Qh6 22. h4 Rhe8 23. g5 Qg6 24. Rae1 Bxd4 25. cxd4 Ne5 26. Qc2 Nxf3+ 27. Kg2
Nxe1+ 28. Rxe1 Qxc2 29. Rxe8 Rxe8 30. gxf6 Qg6+ 31. Kh3 Qxf6 32. h5 Qf3+ 33. Kh2
Re4 34. Kg1 Re1+ 35. Kh2 Rh1# 0-1

[Event "Challenge"]
[Site "http://www.queenalice.com/game.php?id=850426"]
[Date "2010.10.25"]
[Round "-"]
[White "AdV1"]
[Black "JCOELHO"]
[Result "1-0"]
[WhiteElo "1943"]
[BlackElo "2064"]

1. d4 d5 2. c4 Nf6 3. e3 Nc6 4. Nc3 e5 5. dxe5 Nxe5 6. Nxd5 Nxd5 7. cxd5 Bg4 8.
Be2 Bxe2 9. Nxe2 Bb4+ 10. Bd2 Bxd2+ 11. Qxd2 O-O 12. O-O Nc4 13. Qd4 b5 14. Rac1
Qe7 15. Nf4 c5 16. Qc3 a5 17. Rfd1 a4 18. b3 axb3 19. axb3 Ra3 20. Ra1 Rfa8 21.
bxc4 b4 22. Qb2 h6 23. Nh5 f6 24. Nf4 g5 25. Ne6 h5 26. g3 Kf7 27. Rxa3 bxa3 28.
Qc2 a2 29. Qh7+ Ke8 30. Qg8+ Kd7 31. Qxa8 h4 32. Qc6# 1-0

[Event "Challenge"]
[Site "http://www.queenalice.com/game.php?id=862348"]
[Date "2010.11.22"]
[Round "-"]
[White "serrato987"]
[Black "AdV1"]
[Result "1-0"]
[WhiteElo "1964"]
[BlackElo "2003"]

1. e4 e5 2. Nf3 Nc6 3. d4 exd4 4. Nxd4 Bc5 5. Be3 Qf6 6. c3 Nge7 7. Nc2 d6 8.
Be2 Be6 9. Bxc5 dxc5 10. Ne3 O-O 11. Na3 Qe5 12. Qc2 Rfd8 13. O-O f5 14. Nac4
Qf6 15. e5 Nxe5 16. Nxe5 Qxe5 17. Bc4 Rd6 18. Rfe1 Qf4 19. Bxe6+ Rxe6 20. Qb3
Qe4 21. Nxf5 Qxe1+ 22. Rxe1 1-0

[Event "AUTO-MASTER-1279"]
[Site "http://www.queenalice.com/game.php?id=863595"]
[Date "2010.11.25"]
[Round "1"]
[White "Guilherme_Ottoni"]
[Black "AdV1"]
[Result "1-0"]
[WhiteElo "2101"]
[BlackElo "1969"]

1. d4 d5 2. c4 e6 3. Nc3 Nf6 4. Bg5 c5 5. cxd5 exd5 6. Nf3 Be7 7. dxc5 Be6 8.
Rc1 Bxc5 9. a3 Nc6 10. e3 O-O 11. Nxd5 Bxa3 12. Nxf6+ gxf6 13. Bh6 Bb4+ 14. Nd2
Qxd2+ 15. Qxd2 Rfd8 16. e4 Bxd2+ 17. Bxd2 Rd4 18. f3 Rad8 19. Bc3 R4d6 20. Bb5
a6 21. Bxc6 Rxc6 22. O-O Rcd6 23. Bxf6 Bc4 24. Bxd8 Bxf1 25. Kxf1 Rxd8 26. Rc7
b5 27. Ke1 Kg7 28. Ra7 Rd6 29. g3 Kg6 30. Ke2 b4 31. Ke3 b3 32. Rb7 a5 33. Rxb3
h5 34. h4 a4 35. Rb4 Ra6 36. Kf4 f6 37. g4 hxg4 38. fxg4 Kh6 39. Kf5 Kg7 40.
Rb7+ 1-0

[Event "AUTO-MASTER-1279"]
[Site "http://www.queenalice.com/game.php?id=863596"]
[Date "2010.11.25"]
[Round "1"]
[White "AdV1"]
[Black "Guilherme_Ottoni"]
[Result "1-0"]
[WhiteElo "1956"]
[BlackElo "2129"]

1. e4 e6 2. Nf3 d5 3. e5 c5 4. c4 Nc6 5. cxd5 exd5 6. d4 Bg4 7. Be3 cxd4 8. Bxd4
Nxd4 9. Qxd4 Bxf3 10. gxf3 Ne7 11. Nc3 Rc8 12. Bb5+ Nc6 13. O-O-O a6 14. Bxc6+
Rxc6 15. Qxd5 Qxd5 16. Rxd5 Bb4 17. Kc2 O-O 18. Rhd1 g6 19. a3 Bc5 20. R1d2 Re8
21. f4 h6 22. b4 Bb6 23. Rd7 Rec8 24. R2d3 Bxf2 25. Kb3 Kg7 26. Rxb7 Rc4 27. Rf3
Bg1 28. e6 R4c7 29. Rxc7 Rxc7 30. Nd5 Rc8 31. e7 Re8 32. f5 Bxh2 33. f6+ Kg8 34.
Rh3 Be5 35. Rxh6 Rc8 36. e8=Q+ Rxe8 37. Ne7+ 1-0

[Event "AUTO-MASTER-1279"]
[Site "http://www.queenalice.com/game.php?id=863609"]
[Date "2010.11.25"]
[Round "1"]
[White "Famelo"]
[Black "AdV1"]
[Result "1-0"]
[WhiteElo "2123"]
[BlackElo "1985"]

1. f4 d5 2. Nf3 Nf6 3. e3 c5 4. d4 e6 5. Be2 Nc6 6. O-O Bd6 7. Ne5 Ne4 8. Nd2
cxd4 9. Nxe4 dxe4 10. exd4 f6 11. Nc4 O-O 12. d5 exd5 13. Nxd6 Qxd6 14. c3 Qc5+
15. Kh1 f5 16. Bd2 Rf6 17. b4 Qe7 18. Be3 Be6 19. Bc5 Qd8 20. Qc2 Rh6 21. b5 Qh4
22. Bg1 Na5 23. Qd2 Rf8 24. Qe1 Qf6 25. Bxa7 Nc4 26. Bxc4 dxc4 27. a4 Qg6 28. a5
Rd8 29. Rd1 Bd5 30. Be3 Rd6 31. Rd2 Qh5 32. Bg1 Kf7 33. Qf2 Rhe6 34. Qe2 Qh4 35.
g3 e3+ 36. Rxd5 Qh3 37. Rxd6 Rxd6 38. Qxc4+ Ke7 39. Bxe3 Rh6 40. Bc5+ Kf6 41.
Qd4+ Kg6 42. Qf2 Kf7 43. Rd1 Ke8 44. Re1+ Kf7 45. Re7+ Kf6 46. Qd4+ Kg6 47.
Qxg7+ Kh5 48. Qg5# 1-0

[Event "AUTO-MASTER-1279"]
[Site "http://www.queenalice.com/game.php?id=863610"]
[Date "2010.11.25"]
[Round "1"]
[White "AdV1"]
[Black "Famelo"]
[Result "0-1"]
[WhiteElo "1974"]
[BlackElo "2136"]

1. d4 e6 2. c4 Nf6 3. Nf3 b6 4. Nc3 Be7 5. e4 O-O 6. e5 Ne8 7. Bd3 d6 8. O-O Nc6
9. Qc2 g6 10. Bh6 Ng7 11. Ne4 Nb4 12. Qd2 Nxd3 13. Qxd3 d5 14. Neg5 dxc4 15.
Qxc4 Bb7 16. Rad1 a5 17. d5 Bxd5 18. Qh4 Nf5 19. Qh3 Bxg5 20. Nxg5 Qe7 21. Nxh7
Qh4 22. Nf6+ Kh8 23. Bg7+ Kxg7 24. Qxh4 Nxh4 25. Rd4 Nf5 26. Rg4 Rh8 27. b3 Rh6
28. g3 Rah8 29. h4 c5 30. f4 Ne3 0-1

[Event "AUTO-MASTER-1279"]
[Site "http://www.queenalice.com/game.php?id=863619"]
[Date "2010.11.25"]
[Round "1"]
[White "AdV1"]
[Black "XadrezPirai"]
[Result "1-0"]
[WhiteElo "1956"]
[BlackElo "2115"]

1. e4 c6 2. Nf3 d5 3. e5 Bf5 4. d4 e6 5. Nc3 Nd7 6. Bf4 c5 7. Bb5 a6 8. Bxd7+
Qxd7 9. O-O Rc8 10. Qd2 Bg4 11. dxc5 1-0

[Event "AUTO-MASTER-1279"]
[Site "http://www.queenalice.com/game.php?id=863620"]
[Date "2010.11.25"]
[Round "1"]
[White "XadrezPirai"]
[Black "AdV1"]
[Result "0-1"]
[WhiteElo "2133"]
[BlackElo "1932"]

1. Nf3 d5 2. e4 dxe4 3. Ng5 Nf6 4. Nc3 Bf5 5. Qe2 Qd4 6. Qb5+ Nc6 7. Qxb7 Rd8 8.
Bb5 Ng4 9. Bxc6+ Bd7 10. Nd5 Qxf2+ 0-1

[Event "VivereParvo"]
[Site "http://www.queenalice.com/game.php?id=864961"]
[Date "2010.11.28"]
[Round "-"]
[White "AdV1"]
[Black "Equiferus"]
[Result "0-1"]
[WhiteElo "1960"]
[BlackElo "2039"]

1. e4 Nf6 2. e5 Nd5 3. d4 d6 4. Nf3 Bf5 5. Bc4 Nb6 6. b3 Nxc4 7. bxc4 c5 8. d5
g6 9. O-O Bg7 10. Bf4 Bg4 11. Re1 O-O 12. Nc3 Nd7 13. h3 Bxf3 14. Qxf3 dxe5 15.
Bg3 f6 16. Rab1 b6 17. Ne4 f5 18. Ng5 e4 19. Qf4 Bh6 20. Qh4 Bxg5 21. Qxg5 Nf6
22. Be5 Kg7 23. Bf4 Rf7 24. h4 Nh5 25. Qh6+ Kg8 26. Be5 Qd7 27. Re3 e6 28. g4
fxg4 29. Rxe4 exd5 30. cxd5 Qf5 31. Rbe1 Qxf2+ 32. Kh1 Raf8 33. Qe3 Qxh4+ 34.
Bh2 Rf2 35. Re2 Qxh2# 0-1

[Event "AUTO-MASTER-1292"]
[Site "http://www.queenalice.com/game.php?id=870585"]
[Date "2010.12.11"]
[Round "1"]
[White "BIBIU16"]
[Black "AdV1"]
[Result "1-0"]
[WhiteElo "2094"]
[BlackElo "1942"]

1. e4 e5 2. Nf3 Nc6 3. Bb5 a6 4. Ba4 Nf6 5. O-O Bc5 6. Bxc6 dxc6 7. Nxe5 Qd6 8.
Nf3 Nxe4 9. d4 Bb6 10. Re1 f5 11. Nc3 Be6 12. Nxe4 fxe4 13. Rxe4 O-O-O 14. Bg5
Rde8 15. c3 Rhf8 16. Ne5 Bd5 17. Rf4 h6 18. Rxf8 Rxf8 19. Bh4 g5 20. Bg3 c5 21.
Nc4 Qc6 22. Ne5 Qd6 23. Qg4+ Be6 24. Qh5 cxd4 25. Ng6 Qd8 26. Nxf8 Qxf8 27. Qg6
Bf7 28. Qf5+ Kb8 29. Rc1 Qe7 30. cxd4 Bxd4 31. Bxc7+ Ka7 32. Qc8 a5 33. Qb8+ Ka6
34. Qa8+ 1-0

[Event "AUTO-MASTER-1292"]
[Site "http://www.queenalice.com/game.php?id=870586"]
[Date "2010.12.11"]
[Round "1"]
[White "AdV1"]
[Black "BIBIU16"]
[Result "0-1"]
[WhiteElo "1953"]
[BlackElo "2083"]

1. e4 g6 2. d4 Bg7 3. Nf3 d6 4. Be3 Nf6 5. Nc3 O-O 6. Bd3 Ng4 7. Qd2 Nxe3 8.
Qxe3 Nd7 9. O-O-O e5 10. d5 Nc5 11. h4 Nxd3+ 12. Rxd3 f5 13. g3 f4 14. gxf4 Rxf4
15. Ng5 Qf6 16. Nd1 Bh6 17. Qg3 Rg4 18. Qh2 Bxg5+ 19. hxg5 Qxg5+ 20. Kb1 h5 21.
Ne3 Rxe4 22. Rg1 Qf6 23. Qxh5 Kg7 24. Nd1 Rh4 25. Qe2 Bf5 26. Rf3 Rah8 27. Rfg3
Kf7 28. Ne3 Rh1 29. a3 Rxg1+ 30. Rxg1 Qh4 31. Qf3 Ke7 32. Nxf5+ gxf5 0-1

[Event "AUTO-MASTER-1292"]
[Site "http://www.queenalice.com/game.php?id=870597"]
[Date "2010.12.11"]
[Round "1"]
[White "mandaragit"]
[Black "AdV1"]
[Result "1-0"]
[WhiteElo "2200"]
[BlackElo "1971"]

1. d4 d5 2. Nf3 Nf6 3. c4 dxc4 4. e3 Bg4 5. Bxc4 e6 6. Qb3 b6 7. Ne5 Bd6 8. Nxg4
Nxg4 9. Bxe6 fxe6 10. Qxe6+ Be7 11. Qxg4 O-O 12. O-O Nc6 13. Qe6+ Rf7 14. Qxc6
Rf6 15. Qc4+ Kh8 16. Nc3 Bd6 17. f4 1-0

[Event "AUTO-MASTER-1292"]
[Site "http://www.queenalice.com/game.php?id=870598"]
[Date "2010.12.11"]
[Round "1"]
[White "AdV1"]
[Black "mandaragit"]
[Result "0-1"]
[WhiteElo "1978"]
[BlackElo "2194"]

1. e4 e6 2. Nf3 c5 3. d4 cxd4 4. Nxd4 a6 5. Nc3 Qc7 6. Be2 Nc6 7. Be3 Nf6 8. Qd2
Bb4 9. Bf3 Ne5 10. h3 Nc4 11. Qc1 Nxe3 12. Qxe3 Bxc3+ 13. bxc3 d6 14. O-O O-O
15. Rfe1 Bd7 16. Rad1 Rac8 17. Rd3 Rfd8 0-1

[Event "AUTO-MASTER-1292"]
[Site "http://www.queenalice.com/game.php?id=870605"]
[Date "2010.12.11"]
[Round "1"]
[White "AdV1"]
[Black "sia"]
[Result "0-1"]
[WhiteElo "1951"]
[BlackElo "2042"]

1. d4 d5 2. Nc3 e6 3. e4 c6 4. e5 Bb4 5. Bd2 Nd7 6. Nf3 Ne7 7. Bd3 c5 8. Nb5
Bxd2+ 9. Qxd2 cxd4 10. Nbxd4 Nc6 11. Qf4 Nxd4 12. Qxd4 Qb6 13. Qc3 O-O 14. Ng5
h6 15. Nh7 Re8 16. O-O d4 17. Qe1 Qxb2 18. Qe4 g6 19. Nf6+ Nxf6 20. exf6 e5 21.
h3 Qb6 22. Qh4 Kh7 23. g4 Qe6 24. g5 h5 0-1

[Event "AUTO-MASTER-1292"]
[Site "http://www.queenalice.com/game.php?id=870606"]
[Date "2010.12.11"]
[Round "1"]
[White "sia"]
[Black "AdV1"]
[Result "1-0"]
[WhiteElo "2029"]
[BlackElo "1964"]

1. d3 d5 2. Nf3 Nc6 3. g3 Bf5 4. Bg2 e5 5. O-O Bd6 6. Nc3 Nf6 7. Bg5 d4 8. Nd5
Be7 9. Nxe7 Qxe7 10. e3 h6 11. Nh4 Qe6 12. Nxf5 Qxf5 13. Bxc6+ bxc6 14. Bxf6
Qxf6 15. exd4 O-O 16. dxe5 Qxe5 17. c3 Rab8 18. Qc2 c5 19. Rae1 Qd6 20. Re3 Rfd8
21. b3 Qg6 22. Rfe1 Rd7 23. Qe2 Kh7 24. Rf3 1-0